| 000 | 01387nam a2200361Ia 4500 | ||
|---|---|---|---|
| 001 | ebr10061159 | ||
| 003 | CaPaEBR | ||
| 006 | m u | ||
| 007 | cr cn||||||||| | ||
| 008 | 990204s1999 enka sb 001 0 eng d | ||
| 010 | _z 99489863 | ||
| 015 | _aGB99-Z1657 | ||
| 020 | _z0203501535 | ||
| 020 | _z1857286561 (hbk) | ||
| 020 | _z185728657X (pbk.) | ||
| 040 |
_aCaPaEBR _cCaPaEBR |
||
| 035 | _a(OCoLC)179162479 | ||
| 050 | 1 | 4 |
_aE209 _b.W37 1999eb |
| 082 | 0 | 4 |
_a973.3/1 _221 |
| 100 | 1 | _aWard, Harry M. | |
| 245 | 1 | 4 |
_aThe war for independence and the transformation of American society _h[electronic resource] / _cHarry M. Ward. |
| 260 |
_aLondon : _bUCL Press, _c1999. |
||
| 300 |
_ax, 310 p. : _bill. |
||
| 490 | 1 | _aWarfare and history | |
| 504 | _aIncludes bibliographical references (p. 245-299) and index. | ||
| 533 |
_aElectronic reproduction. _bPalo Alto, Calif. : _cebrary, _d2009. _nAvailable via World Wide Web. _nAccess may be limited to ebrary affiliated libraries. |
||
| 651 | 0 |
_aUnited States _xHistory _yRevolution, 1775-1783. |
|
| 651 | 0 |
_aUnited States _xHistory _yRevolution, 1775-1783 _xSocial aspects. |
|
| 655 | 7 |
_aElectronic books. _2local |
|
| 710 | 2 | _aebrary, Inc. | |
| 830 | 0 | _aWarfare and history. | |
| 856 | 4 | 0 |
_uhttp://site.ebrary.com/lib/rucke/Doc?id=10061159 _zAn electronic book accessible through the World Wide Web; click to view |
| 999 |
_c155935 _d155935 |
||